Cátedra de Historia del Derecho.

Guardat en:
Dades bibliogràfiques
Autor corporatiu: Universidad Catolica de Santiago de Guayaquil (autor)
Format: Llibre
Publicat: Guayaquil, Ecuador: Universidad Católica de Santiago de Guayaquil, 1983.
Col·lecció:Publicaciones de la Universidad Catolica de Santiago de Guayaquil,
Matèries:
Etiquetes: Afegir etiqueta
Sense etiquetes, Sigues el primer a etiquetar aquest registre!

MARC

LEADER 00000nam a22000007a 4500
003 CL-VaPUC
005 20220822114642.0
008 220718t1983 ||||| |||| 00| 0 eng d
999 |c 437208  |d 437206 
040 |c Pontificia Universidad Católica de Valparaíso 
082 7 |a 340.09 UNI 1983  |2 22 
110 |a Universidad Catolica de Santiago de Guayaquil  |e autor  |9 873242 
245 |a Cátedra de Historia del Derecho. 
260 |a Guayaquil, Ecuador:   |b Universidad Católica de Santiago de Guayaquil,   |c 1983. 
300 |a 158 páginas. 
490 |a Publicaciones de la Universidad Catolica de Santiago de Guayaquil,  |n  2. 
500 |a c.1 Donación Familia Prof. Alejandro Guzmán Brito. 
583 |c 20220718  |k Catalogador Asistente 
650 |a Derecho   |x Historia   |9 866193 
942 |2 ddc  |c BK  |n 0 
952 |0 0  |1 0  |2 ddc  |4 0  |6 340_090000000000000_UNI_1983  |7 0  |8 C_AGB  |9 584965  |a BIBDER  |b BIBDER  |d 2022-07-18  |e Donación  |i 5653102  |o 340.09 UNI 1983  |p 5653102  |r 2023-01-25  |t 1  |w 2022-07-18  |y BK_US  |k AGB